<?xml version="1.0" encoding="UTF-8"?>
<record
    xmlns:xsi="http://www.w3.org/2001/XMLSchema-instance"
    xsi:schemaLocation="http://www.loc.gov/MARC21/slim http://www.loc.gov/standards/marcxml/schema/MARC21slim.xsd"
    xmlns="http://www.loc.gov/MARC21/slim">

  <leader>00581nam a2200193Ia 4500</leader>
  <controlfield tag="008">230125s9999    xx            000 0 und d</controlfield>
  <datafield tag="020" ind1=" " ind2=" ">
    <subfield code="a">0-38 5-50445-4</subfield>
  </datafield>
  <datafield tag="041" ind1=" " ind2=" ">
    <subfield code="a">eng</subfield>
  </datafield>
  <datafield tag="082" ind1=" " ind2=" ">
    <subfield code="a">658.8342</subfield>
    <subfield code="b">SEW/BRO</subfield>
  </datafield>
  <datafield tag="100" ind1=" " ind2=" ">
    <subfield code="a">Sewell C</subfield>
    <subfield code="9">108842</subfield>
  </datafield>
  <datafield tag="245" ind1=" " ind2=" ">
    <subfield code="a">Customers For Life</subfield>
    <subfield code="b">How To Turn That One Time Buyer into a Lifetime Customer</subfield>
  </datafield>
  <datafield tag="260" ind1=" " ind2=" ">
    <subfield code="c">1990</subfield>
    <subfield code="b">currency Books</subfield>
    <subfield code="a">New York</subfield>
  </datafield>
  <datafield tag="300" ind1=" " ind2=" ">
    <subfield code="a">210p</subfield>
  </datafield>
  <datafield tag="500" ind1=" " ind2=" ">
    <subfield code="a">Advertising,Consumer behaviour</subfield>
  </datafield>
  <datafield tag="500" ind1=" " ind2=" ">
    <subfield code="a">Customer relationship</subfield>
  </datafield>
  <datafield tag="650" ind1=" " ind2=" ">
    <subfield code="a">Marketing Management</subfield>
  </datafield>
  <datafield tag="700" ind1=" " ind2=" ">
    <subfield code="a">Sewell C &amp; Brown P B</subfield>
    <subfield code="9">108843</subfield>
  </datafield>
  <datafield tag="999" ind1=" " ind2=" ">
    <subfield code="c">85583</subfield>
    <subfield code="d">85583</subfield>
  </datafield>
  <datafield tag="952" ind1=" " ind2=" ">
    <subfield code="0">0</subfield>
    <subfield code="1">0</subfield>
    <subfield code="4">0</subfield>
    <subfield code="7">0</subfield>
    <subfield code="a">HIMR</subfield>
    <subfield code="b">HIMR</subfield>
    <subfield code="d">1999-07-17</subfield>
    <subfield code="e">Popular Book House</subfield>
    <subfield code="g">499.50</subfield>
    <subfield code="l">0</subfield>
    <subfield code="o">658.8342 SEW/BRO B01643</subfield>
    <subfield code="p">HIMR-BK-1643</subfield>
    <subfield code="r">2023-01-25 00:00:00</subfield>
    <subfield code="v">499.50</subfield>
    <subfield code="w">1999-07-17</subfield>
    <subfield code="y">BK</subfield>
    <subfield code="z">B01643</subfield>
  </datafield>
  <datafield tag="952" ind1=" " ind2=" ">
    <subfield code="0">0</subfield>
    <subfield code="1">0</subfield>
    <subfield code="4">0</subfield>
    <subfield code="7">0</subfield>
    <subfield code="a">HIMR</subfield>
    <subfield code="b">HIMR</subfield>
    <subfield code="d">2005-03-24</subfield>
    <subfield code="e">Crossword</subfield>
    <subfield code="g">470.00</subfield>
    <subfield code="i">50138/23.3.2005</subfield>
    <subfield code="l">0</subfield>
    <subfield code="o">658.8342 SEW/BRO B04434</subfield>
    <subfield code="p">HIMR-BK-4434</subfield>
    <subfield code="r">2023-01-25 00:00:00</subfield>
    <subfield code="v">400.00</subfield>
    <subfield code="w">2005-03-24</subfield>
    <subfield code="y">BK</subfield>
    <subfield code="z">B04434</subfield>
  </datafield>
</record>
